Készülnek az új évadra Ma este Ványa bácsi : Nyitás szeptember 17-én
Elmentve itt :
| Dokumentumtípus: | Cikk |
|---|---|
| Megjelent: |
1971-04-15
|
| Sorozat: | Délmagyarország
61 No. 88 |
| Kulcsszavak: | Szegedi Nemzeti Színház |
| Online Access: | http://dmarchiv.bibl.u-szeged.hu/119515 |
| LEADER | 00461nab a2200145 i 4500 | ||
|---|---|---|---|
| 001 | delm119515 | ||
| 005 | 20190424132138.0 | ||
| 008 | 190424s1971 hu o 0|| hun d | ||
| 040 | |a SZTE Délmagyarország Archívum |b hun | ||
| 041 | |a hun | ||
| 245 | 0 | 0 | |a Készülnek az új évadra |h [elektronikus dokumentum] : |b Ma este Ványa bácsi : Nyitás szeptember 17-én |
| 260 | |c 1971-04-15 | ||
| 300 | |a 5 | ||
| 490 | 0 | |a Délmagyarország |v 61 No. 88 | |
| 695 | |a Szegedi Nemzeti Színház | ||